| 000 | 00325nam a2200121Ia 4500 | ||
|---|---|---|---|
| 005 | 20251222143151.0 | ||
| 008 | 251222s9999||||xx |||||||||||||| ||spa|| | ||
| 082 | _a658.15/Z25 | ||
| 100 | _aZambrano Berendsohn, Mario | ||
| 245 | 0 | _aFinanzas, Riesgo, Portafolio e Información | |
| 264 | _bFondo Editorial UNMSN | ||
| 942 | _cLIB | ||
| 999 |
_c12679 _d12679 |
||